• 首页
  • 本馆介绍
  • 公告通知
  • 最新文献
  • 馆藏检索
  • 电子资源
  • 读者导购
  • 参考咨询
  • 我的图书馆
  • 登录
  • 详细信息显示
  • 放入我的书架
  • 预约/预借图书
  • 作者相关作品
  • 分类相关作品
  • 丛书相关作品
  • 出版社相关作品

书目信息

  • 表格格式
  • 工作单格式
  • 卡片格式
题名:
建筑初步
    
 
作者: 田学哲 主编
分册:  
出版信息: 北京   中国建筑工业出版社  1982.7
页数: 164
开本: 26cm
丛书名:
单 册:
中图分类: TU-42
科图分类:
主题词: 建筑学
电子资源:
ISBN:
000 00498nam0 2200193 45
001 0181011563
005 20060805153030.67
010    @dCNY1.70
091    @a15040.4274
100    @a20810111d km y0chiy0120 ea
101 0  @achi
200 1  @Ajian zhu chu bu@Ftian xue zhe@a建筑初步@f田学哲主编
210    @a北京@c中国建筑工业出版社@d1982.7
215    @a164@c图表@d26cm
606 0  @a建筑学
690    @aTU-42
701 0  @a田学哲@4主编
801    @aCN@bTSTC@c20060805
905    @dTU-42@f1@b107092@e12
    
    建筑初步/田学哲主编.-北京:中国建筑工业出版社,1982.7
    164:图表;26cm
    
    
    ISBN :CNY1.70
    
●
相关链接 在E读中查询图书 在五车中查询图书 在当当中查询图书 在豆瓣中查询图书


正题名:建筑初步     索取号:TU-42/12         预约/预借

序号 登录号 条形码 馆藏地/架位号 状态 备注
1 0107092   001482032   第三借阅区/ [索取号:TU-42/12] 在馆    
2 0107095   001482023   第二样本阅览室/ [索取号:TU-42/12] 在馆    
3 0107097   001481970   第二样本阅览室/ [索取号:TU-42/12] 在馆    
4 0451618   204516185   密集书库/ [索取号:TU-42/12] 在馆    
唐山师范学院图书馆 欢迎您!
大连网信软件有限公司© 版权所有